000 004320000a22001810004500
003 MACL
005 20151202161335.0
008 151202b xxu||||| |||| 00| 0 eng d
040 _aMACL
_cMACL
041 _aEnglish
082 _a741.642
100 _aPritam,Dr. Sarojini
_919121
245 _aLaughing Donkey
260 _aNew Delhi
_bHasya
_c2009
350 _a40
650 _aChildran Book
_97575
942 _cBK
_k741.642
_2ddc
999 _c47829
_d47829